00499 2200193 4500001002100000005001500021035002000036008004100056245007700097100001900174250000600193260003500199300001100234084001400245082000800259650001400267990001200281990001200293INLIS00000000000010920240502104828 a0010-0424000085240502 0 ind 1 aPembelajaran Dan Model - Model Pembelajaran ( Seri 3 ) /cProf. Wahyudin aProf. Wahyudin a1 aJakarta :bCv.Ipa Abong,c2008 a92 hlm a600 WAH p a600 4aNon Fiksi a0732533 a0732534